[Event "Belgrade-chT Quality"]
[Site "Belgrade"]
[Date "2021.11.13"]
[Round "9.7"]
[White "Ristic, Slobodan B"]
[Black "Milutinovic, Dejan D"]
[Result "1-0"]
[WhiteElo "1959"]
[BlackElo "1962"]
[PlyCount "59"]
[EventDate "2021.10.16"]
[EventType "team-tourn"]
[EventRounds "11"]
[EventCountry "SRB"]
[SourceTitle "EXT 2023"]
[Source "ChessBase"]
[SourceDate "2022.10.05"]
[SourceVersion "1"]
[SourceVersionDate "2022.10.05"]
[SourceQuality "1"]
[WhiteTeam "Belgrade Banjica"]
[BlackTeam "Belgrade Mladenovac"]
[WhiteTeamCountry "SRB"]
[BlackTeamCountry "SRB"]

1. e4 d6 2. d4 Nf6 3. Nc3 Nbd7 4. Bc4 e5 5. Nge2 Be7 6. f3 c6 7. a4 a5 8. Be3 Qc7 9. Qd2 h6 10. h4 h5 11. 0-0-0 Nf8 12. Ng3 exd4 13. Qxd4 d5 14. exd5 Qxg3 15. Bf4 Qg6 16. Rhe1 N8d7 17. d6 0-0 18. Rxe7 Ne8 19. Bd3 f5 20. g4 hxg4 21. fxg4 Ndf6 22. g5 Nd7 23. Be2 Ndf6 24. gxf6 Nxf6 25. Rg1 Qh7 26. Be5 Qh6+ 27. Kb1 c5 28. Qf4 Qxf4 29. Rgxg7+ Kh8 30. Rh7+ 1-0

[Event "Belgrade-chT Quality"]
[Site "Belgrade"]
[Date "2021.10.16"]
[Round "1.6"]
[White "Manojlovic, Slobodan"]
[Black "Ristic, Slobodan B"]
[Result "0-1"]
[WhiteElo "2023"]
[BlackElo "1959"]
[PlyCount "39"]
[EventDate "2021.10.16"]
[EventType "team-tourn"]
[EventRounds "11"]
[EventCountry "SRB"]
[SourceTitle "EXT 2023"]
[Source "ChessBase"]
[SourceDate "2022.10.05"]
[SourceVersion "1"]
[SourceVersionDate "2022.10.05"]
[SourceQuality "1"]
[WhiteTeam "Belgrade Bask"]
[BlackTeam "Belgrade Banjica"]
[WhiteTeamCountry "SRB"]
[BlackTeamCountry "SRB"]

1. d4 Nf6 2. Nf3 g6 3. c4 c5 4. Nc3 cxd4 5. Nxd4 Bg7 6. g3 Nc6 7. Nxc6 bxc6 8. Bg2 0-0 9. 0-0 Qc7 10. Bf4 e5 11. Bg5 Rb8 12. Qd2 Qb6 13. Rab1 Qd4 14. Rfd1 Qxc4 15. Bxf6 Bxf6 16. Qd6 Rxb2 17. Rxb2 Qxc3 18. Rb3 Qc2 19. Rd2 Be7 20. Qxe7 0-1

[Event "Belgrade-chT Quality"]
[Site "Belgrade"]
[Date "2020.10.09"]
[Round "1.5"]
[White "Ristic, Slobodan B"]
[Black "Dimitrijevic, Paul"]
[Result "1-0"]
[WhiteElo "1968"]
[BlackElo "2003"]
[PlyCount "81"]
[EventDate "2020.10.09"]
[EventType "team-tourn"]
[EventRounds "9"]
[EventCountry "SRB"]
[SourceTitle "EXT 2022"]
[Source "ChessBase"]
[SourceDate "2021.10.06"]
[SourceVersion "1"]
[SourceVersionDate "2021.10.06"]
[SourceQuality "1"]
[WhiteTeam "Belgrade Banjica"]
[BlackTeam "Belgrade NBSK"]
[WhiteTeamCountry "SRB"]
[BlackTeamCountry "SRB"]

1. e4 c6 2. d4 d5 3. e5 Bf5 4. Nf3 e6 5. Be2 c5 6. Be3 Nc6 7. 0-0 Nge7 8. dxc5 Bg4 9. b4 Nxb4 10. Qd4 Bxf3 11. gxf3 Nbc6 12. Qb2 Qc7 13. Nc3 Qxe5 14. Qb3 Rc8 15. Bd3 Qb8 16. Na4 Ne5 17. Be2 Nf5 18. Rab1 Nxe3 19. fxe3 Bxc5 20. Bb5+ Ke7 21. f4 Ng4 22. Rf3 a6 23. Be2 Nxe3 24. Nxc5 d4 25. Qxb7+ Qxb7 26. Rxb7+ Kd6 27. Ne4+ Kd5 28. Bd3 Nxc2 29. Rd7+ Kc6 30. Rxf7 Nb4 31. Bc4 Nd5 32. Ra3 Nc7 33. Rxg7 Rhg8 34. Rxg8 Rxg8+ 35. Kf2 Rg4 36. Kf3 Rg8 37. Ng5 Kc5 38. Ra4 Rg6 39. Bxa6 e5 40. Bd3 Rf6 41. Ne4+ 1-0

[Event "Belgrade-chT Quality"]
[Site "Belgrade"]
[Date "2019.10.31"]
[Round "11.4"]
[White "Ristic, Slobodan B"]
[Black "Popovic, Sava"]
[Result "1-0"]
[WhiteElo "1900"]
[BlackElo "1880"]
[PlyCount "69"]
[EventDate "2019.10.05"]
[EventType "team-tourn"]
[EventRounds "11"]
[EventCountry "SRB"]
[SourceTitle "EXT 2022"]
[Source "ChessBase"]
[SourceDate "2021.10.06"]
[SourceVersion "1"]
[SourceVersionDate "2021.10.06"]
[SourceQuality "1"]
[WhiteTeam "Banjica"]
[BlackTeam "Teleoptik"]
[WhiteTeamCountry "SRB"]
[BlackTeamCountry "SRB"]

1. e4 e6 2. b3 d5 3. Bb2 Nf6 4. e5 Nfd7 5. Nf3 c5 6. h4 Nc6 7. Bb5 Qb6 8. Qe2 a6 9. Bxc6 Qxc6 10. a4 b6 11. d3 Be7 12. Nbd2 Bb7 13. h5 h6 14. Rh3 b5 15. Rg3 Rg8 16. Nh2 Bg5 17. Ndf3 Bf4 18. Rg4 Bxh2 19. Nxh2 d4 20. Bc1 Rc8 21. Nf3 Qd5 22. axb5 axb5 23. Bf4 Ke7 24. Kf1 Nb6 25. Kg1 Ra8 26. Rxa8 Bxa8 27. Bxh6 Rh8 28. Bg5+ f6 29. Bf4 Kf7 30. exf6 gxf6 31. h6 Rh7 32. Bd2 Qh5 33. Ng5+ fxg5 34. Rf4+ Kg6 35. Qxe6# 1-0

[Event "Belgrade-chT Quality"]
[Site "Belgrade"]
[Date "2019.10.13"]
[Round "4.3"]
[White "Ristic, Slobodan B"]
[Black "Dimitrijevic, Paul"]
[Result "1/2-1/2"]
[WhiteElo "1900"]
[BlackElo "2030"]
[PlyCount "39"]
[EventDate "2019.10.05"]
[EventType "team-tourn"]
[EventRounds "11"]
[EventCountry "SRB"]
[SourceTitle "EXT 2022"]
[Source "ChessBase"]
[SourceDate "2021.10.06"]
[SourceVersion "1"]
[SourceVersionDate "2021.10.06"]
[SourceQuality "1"]
[WhiteTeam "Banjica"]
[BlackTeam "NBSK"]
[WhiteTeamCountry "SRB"]
[BlackTeamCountry "SRB"]

1. e4 c6 2. d4 d5 3. e5 Bf5 4. h4 h5 5. Bd3 Bxd3 6. Qxd3 e6 7. Bg5 Qb6 8. Nd2 c5 9. Ngf3 cxd4 10. 0-0 Nc6 11. Nb3 Nge7 12. Nbxd4 Nxd4 13. Nxd4 Nc6 14. Nf3 Rc8 15. c3 Be7 16. Rfe1 Bxg5 17. Nxg5 Ne7 18. Re2 Nf5 19. g3 0-0 20. Rae1 1/2-1/2

[Event "Belgrade City-chT"]
[Site "Belgrade"]
[Date "2019.05.17"]
[Round "5.6"]
[White "Lazarevic, Zoran Voj"]
[Black "Ristic, Slobodan B"]
[Result "1-0"]
[WhiteElo "2117"]
[BlackElo "1980"]
[PlyCount "107"]
[EventDate "2019.05.13"]
[EventType "team-swiss"]
[EventRounds "5"]
[EventCountry "SRB"]
[SourceTitle "CBM 190 Extra"]
[Source "ChessBase"]
[SourceDate "2019.07.15"]
[SourceVersion "1"]
[SourceVersionDate "2019.07.15"]
[SourceQuality "1"]
[WhiteTeam "Bask"]
[BlackTeam "Banjica II"]
[WhiteTeamCountry "SRB"]
[BlackTeamCountry "SRB"]

1. e4 c5 2. Nf3 Nc6 3. d4 cxd4 4. Nxd4 Nf6 5. Nc3 d6 6. g3 Bd7 7. Bg2 Rc8 8. 0-0 g6 9. Nd5 Bg7 10. Bg5 0-0 11. Nxf6+ exf6 12. Nxc6 Bxc6 13. Bf4 Re8 14. Re1 Bf8 15. Qd4 Qa5 16. c3 Qb5 17. b3 Rcd8 18. Rad1 Qa5 19. a4 b5 20. axb5 Qxb5 21. b4 Qb7 22. Ra1 a6 23. f3 Bg7 24. Qd3 Bb5 25. c4 Bc6 26. Rab1 f5 27. Bxd6 fxe4 28. fxe4 Re6 29. c5 Rde8 30. Bf4 Rxe4 31. Bxe4 Bxe4 32. Qc4 Kh8 33. Rbd1 f5 34. Bd2 Rd8 35. Bc3 Rc8 36. Bxg7+ Kxg7 37. Qd4+ Kh6 38. Qd2+ Kh5 39. Rc1 g5 40. Qe2+ Kg6 41. Qd2 Rc6 42. Qc3 Rf6 43. Rcd1 Bh1 44. Rd2 Be4 45. Red1 Bh1 46. Rf2 Bd5 47. Qe3 Be4 48. Rd6 Rxd6 49. cxd6 h5 50. Qd4 Qc6 51. h3 Qb7 52. Re2 Qb8 53. Kf2 Bh1 54. g4 1-0

[Event "Belgrade City-chT"]
[Site "Belgrade"]
[Date "2019.05.15"]
[Round "3.7"]
[White "Vasic, Dusan"]
[Black "Ristic, Slobodan B"]
[Result "0-1"]
[WhiteElo "1669"]
[BlackElo "1980"]
[PlyCount "56"]
[EventDate "2019.05.13"]
[EventType "team-swiss"]
[EventRounds "5"]
[EventCountry "SRB"]
[SourceTitle "CBM 190 Extra"]
[Source "ChessBase"]
[SourceDate "2019.07.15"]
[SourceVersion "1"]
[SourceVersionDate "2019.07.15"]
[SourceQuality "1"]
[WhiteTeam "Pogledi"]
[BlackTeam "Banjica II"]
[WhiteTeamCountry "SRB"]
[BlackTeamCountry "SRB"]

1. c4 e5 2. Nc3 Nf6 3. Nf3 Nc6 4. e3 Bb4 5. Be2 0-0 6. 0-0 Re8 7. a3 Bf8 8. b4 e4 9. Ne1 d5 10. cxd5 Nxd5 11. Bb2 Bf5 12. d3 Nxc3 13. Bxc3 Qg5 14. dxe4 Rad8 15. Qb3 Bxe4 16. Nf3 Qh6 17. Rad1 Bd6 18. h3 Re6 19. Qc4 Rde8 20. b5 Rg6 21. Rxd6 cxd6 22. Kh2 Nd8 23. g3 d5 24. Qc7 Rge6 25. Bd4 R6e7 26. Qc3 Ne6 27. Bxa7 b6 28. Bxb6 Bxf3 0-1

[Event "Belgrade ChessAmateur op 5th"]
[Site "Belgrade"]
[Date "2019.01.06"]
[Round "4"]
[White "Djordjevic, Nevena"]
[Black "Ristic, Slobodan B"]
[Result "0-1"]
[WhiteElo "1728"]
[BlackElo "2012"]
[PlyCount "90"]
[EventDate "2019.01.04"]
[EventType "swiss"]
[EventRounds "9"]
[EventCountry "SRB"]
[SourceTitle "CBM 188 Extra"]
[Source "ChessBase"]
[SourceDate "2019.02.26"]
[SourceVersion "1"]
[SourceVersionDate "2019.02.26"]
[SourceQuality "1"]

1. d4 Nf6 2. c4 c5 3. d5 b5 4. cxb5 a6 5. b6 Qxb6 6. Nc3 g6 7. e4 d6 8. Nf3 Bg7 9. Bd3 0-0 10. Nd2 e6 11. Nc4 Qc7 12. Bf4 e5 13. Bd2 Nbd7 14. Na4 a5 15. 0-0 Nh5 16. Qc1 Bf6 17. Be2 Ng7 18. Qe1 Bd8 19. Na3 f5 20. f3 Nf6 21. Nc4 Nd7 22. Na3 Qa7 23. Nb5 Qb8 24. Nac3 Nf6 25. Bd3 f4 26. a3 g5 27. Rb1 Rf7 28. b4 Bb6 29. Kh1 Rb7 30. Qe2 Bd7 31. bxc5 Bxc5 32. a4 g4 33. Be1 Qf8 34. Bf2 Bb4 35. Na2 Bc5 36. Bxc5 dxc5 37. Bc4 Rab8 38. Qd2 Ngh5 39. Nac3 Qh6 40. Ne2 Qg5 41. d6+ Kh8 42. Nec3 Qh4 43. Qe1 g3 44. h3 Bxh3 45. Kg1 Bxg2 0-1

[Event "Belgrade Trophy 31st"]
[Site "Belgrade"]
[Date "2017.11.27"]
[Round "4"]
[White "Ristic, Slobodan B"]
[Black "Vujacic, Borivoje"]
[Result "0-1"]
[WhiteElo "2028"]
[BlackElo "2244"]
[PlyCount "116"]
[EventDate "2017.11.24"]
[EventType "swiss"]
[EventRounds "9"]
[EventCountry "SRB"]
[SourceTitle "CBM 181 Extra"]
[Source "ChessBase"]
[SourceDate "2017.12.12"]
[SourceVersion "1"]
[SourceVersionDate "2017.12.12"]
[SourceQuality "1"]

1. e4 c5 2. Nf3 d6 3. d4 cxd4 4. Nxd4 Nf6 5. Nc3 a6 6. Bd3 e5 7. Nf3 Be7 8. h3 b5 9. a3 Bb7 10. g4 h6 11. Qe2 Nbd7 12. Rg1 Qc7 13. g5 hxg5 14. Nxg5 Nc5 15. Bd2 Kf8 16. Qf3 Qd7 17. Nd5 Bxd5 18. exd5 e4 19. Bxe4 Ncxe4 20. Nxe4 Rxh3 21. Ng3 Rc8 22. Bc3 Qg4 23. Qxg4 Nxg4 24. Nf5 Bf6 25. Bxf6 Nxf6 26. Ne3 Rh5 27. 0-0-0 g6 28. Rd4 Re8 29. b3 Ree5 30. c4 bxc4 31. bxc4 Ne4 32. f4 Re8 33. Nd1 Nc5 34. Rg3 a5 35. Rf3 a4 36. Kc2 f5 37. Nc3 Re1 38. Rd1 Rh2+ 39. Rd2 Rhh1 40. Rd1 Rxd1 41. Nxd1 Nb3 42. Rd3 Rf1 43. Rh3 Rxf4 44. Kc3 Nc5 45. Kb4 g5 46. Nc3 g4 47. Rh6 Ke7 48. Nb5 Ne4 49. Re6+ Kd7 50. Rg6 g3 51. Rg7+ Kd8 52. Nd4 Ke8 53. Ne2 Rf3 54. Nd4 Rf2 55. Kb5 f4 56. Kc6 f3 57. c5 dxc5 58. Ne6 Rd2 0-1

[Event "Belgrade Trophy 28th"]
[Site "Belgrade"]
[Date "2014.11.24"]
[Round "1"]
[White "Certic, Branimir"]
[Black "Ristic, Slobodan B"]
[Result "1-0"]
[WhiteElo "2392"]
[BlackElo "2012"]
[PlyCount "55"]
[EventDate "2014.11.24"]
[EventType "swiss"]
[EventRounds "9"]
[EventCountry "SRB"]
[SourceTitle "CBM 163 Extra"]
[Source "ChessBase"]
[SourceDate "2014.12.23"]
[SourceVersion "1"]
[SourceVersionDate "2014.12.23"]
[SourceQuality "1"]

1. e4 e5 2. Nc3 Nc6 3. Bb5 Bc5 4. Bxc6 dxc6 5. d3 Qd6 6. Qf3 Ne7 7. Nge2 Be6 8. Qg3 0-0-0 9. Be3 Ng6 10. 0-0-0 Bd4 11. Bxd4 exd4 12. Qxd6 Rxd6 13. Na4 b6 14. b3 Rf8 15. Nb2 b5 16. h4 h5 17. Rde1 f6 18. f3 Kb7 19. Kd2 Rfd8 20. a4 a6 21. b4 c5 22. bxc5 Rc6 23. axb5 axb5 24. Ra1 Kc8 25. Ra8+ Kd7 26. Rxd8+ Kxd8 27. Nxd4 Ra6 28. Nxb5 1-0

[Event "Belgrade-ch"]
[Site "Belgrade"]
[Date "2014.01.25"]
[Round "3"]
[White "Ristic, Slobodan B"]
[Black "Sorgic, Dragan"]
[Result "0-1"]
[WhiteElo "2018"]
[BlackElo "2244"]
[PlyCount "62"]
[EventDate "2014.01.23"]
[EventType "swiss"]
[EventRounds "9"]
[EventCountry "SRB"]
[SourceTitle "CBM 158 Extra"]
[Source "ChessBase"]
[SourceDate "2014.02.28"]
[SourceVersion "1"]
[SourceVersionDate "2014.02.28"]
[SourceQuality "1"]

1. e4 d6 2. d4 Nf6 3. Nc3 g6 4. Nf3 Bg7 5. Bf4 c5 6. e5 Nh5 7. Be3 cxd4 8. Bxd4 Nc6 9. Bb5 0-0 10. Bxc6 bxc6 11. exd6 exd6 12. 0-0 Nf6 13. Be3 c5 14. Nb5 Qb6 15. a4 Rd8 16. b3 a6 17. Na3 d5 18. Qc1 Ne4 19. Bh6 Bxa1 20. Qxa1 Qf6 21. Qc1 Bg4 22. Ng5 Nc3 23. Kh1 Be2 24. Re1 Re8 25. Nb1 Nxb1 26. Qxb1 Qxf2 27. Nh3 Qf5 28. Qc1 Bf3 29. Ng5 Rxe1+ 30. Qxe1 Be4 31. c3 f6 0-1

[Event "Belgrade Trophy 27th"]
[Site "Obrenovac"]
[Date "2013.11.24"]
[Round "1"]
[White "Savic, Miodrag R"]
[Black "Ristic, Slobodan B"]
[Result "1-0"]
[WhiteElo "2537"]
[BlackElo "2045"]
[PlyCount "151"]
[EventDate "2013.11.24"]
[EventType "swiss"]
[EventRounds "9"]
[EventCountry "SRB"]
[SourceTitle "CBM 157 Extra"]
[Source "ChessBase"]
[SourceDate "2013.12.19"]
[SourceVersion "1"]
[SourceVersionDate "2013.12.19"]
[SourceQuality "1"]

1. e4 e5 2. Nf3 Nc6 3. Bb5 f5 4. d3 fxe4 5. dxe4 Nf6 6. 0-0 Bc5 7. Bg5 d6 8. Nc3 0-0 9. Na4 Bb6 10. Nxb6 axb6 11. Bc4+ Kh8 12. Nh4 Qe8 13. Re1 Ne7 14. Re3 Ng6 15. Bxf6 Rxf6 16. Qh5 Be6 17. Bxe6 Qxe6 18. Nxg6+ Rxg6 19. a3 Rf8 20. Rf3 Rgf6 21. Rxf6 Qxf6 22. Qe2 h6 23. Rd1 Qg6 24. Rd3 Rf4 25. Re3 Kh7 26. g3 Rf7 27. Rc3 Qg5 28. Kg2 Qg6 29. Re3 Rf4 30. Qc4 c6 31. Qe2 b5 32. Kf1 Rf7 33. Rd3 Rf6 34. Kg2 Rf4 35. Re3 Rf6 36. Qd3 Qf7 37. Qe2 Re6 38. Rf3 Rf6 39. Rd3 Qg6 40. h4 Rf4 41. f3 Rxh4 42. Qd1 Rf4 43. Rxd6 Rf6 44. Rd8 Qg5 45. Qd2 Qh5 46. Qe3 Qf7 47. Qb3 Kg6 48. Qxf7+ Rxf7 49. Kf2 Kf6 50. Rd6+ Ke7 51. Rg6 Kf8 52. Ke3 Rd7 53. Re6 Rd1 54. Rxe5 Rb1 55. b3 Ra1 56. Kd4 Rxa3 57. Rh5 Ra2 58. Rh2 b6 59. Ke5 Ke7 60. f4 b4 61. Kd4 Ra1 62. Rg2 Re1 63. Ke5 Ra1 64. f5 Ra5+ 65. Kf4 Ra1 66. g4 Rc1 67. Ke5 b5 68. Kd4 Rd1+ 69. Ke5 c5 70. g5 Rc1 71. gxh6 gxh6 72. Rg7+ Kf8 73. Rb7 Rxc2 74. Kf6 Ke8 75. Rxb5 h5 76. e5 1-0

[Event "Belgrade Trophy 23rd"]
[Site "Obrenovac"]
[Date "2010.11.28"]
[Round "5"]
[White "Ristic, Slobodan B"]
[Black "Nesovanovic, Miroslav"]
[Result "1/2-1/2"]
[WhiteElo "2086"]
[BlackElo "1943"]
[PlyCount "33"]
[EventDate "2010.11.24"]
[EventType "swiss"]
[EventRounds "9"]
[EventCountry "YUG"]
[SourceTitle "CBM 139 Extra"]
[Source "ChessBase"]
[SourceDate "2011.01.05"]
[SourceVersion "1"]
[SourceVersionDate "2011.01.05"]
[SourceQuality "1"]

1. e4 c5 2. Nf3 Nc6 3. d4 cxd4 4. Nxd4 Nf6 5. Nc3 d6 6. h3 a6 7. g4 e6 8. Bg2 Qc7 9. 0-0 Be7 10. Re1 0-0 11. Nxc6 bxc6 12. f4 Re8 13. g5 Nd7 14. Be3 Bf8 15. h4 d5 16. h5 Bb7 17. g6 1/2-1/2

[Event "Belgrade Trophy 23rd"]
[Site "Obrenovac"]
[Date "2010.11.25"]
[Round "2"]
[White "Samardzija, Zeljko"]
[Black "Ristic, Slobodan B"]
[Result "0-1"]
[WhiteElo "1856"]
[BlackElo "2086"]
[PlyCount "102"]
[EventDate "2010.11.24"]
[EventType "swiss"]
[EventRounds "9"]
[EventCountry "YUG"]
[SourceTitle "CBM 139 Extra"]
[Source "ChessBase"]
[SourceDate "2011.01.05"]
[SourceVersion "1"]
[SourceVersionDate "2011.01.05"]
[SourceQuality "1"]

1. d4 Nf6 2. c4 c5 3. d5 b5 4. Nf3 g6 5. cxb5 a6 6. e3 Bg7 7. bxa6 Bxa6 8. Bxa6 Rxa6 9. 0-0 0-0 10. Nc3 d6 11. Qe2 Qc7 12. e4 Qb7 13. Bg5 Nbd7 14. Rfd1 Rb8 15. Rac1 Qa8 16. e5 dxe5 17. Nxe5 Nxe5 18. Qxe5 Ra7 19. d6 exd6 20. Qxd6 Rd7 21. Qf4 Rb4 22. Qf3 Qxf3 23. gxf3 Rxb2 24. Rxd7 Nxd7 25. Ne4 Bd4 26. Bh4 Rxa2 27. Kg2 h6 28. Rb1 f5 29. Rb7 fxe4 30. Rxd7 e3 31. Rd8+ Kf7 32. Rd7+ Ke6 33. Re7+ Kd6 34. Re4 e2 35. f4 Bc3 36. Be7+ Kd5 37. Kf3 e1Q 38. Rxe1 Bxe1 39. Bh4 c4 40. Bg3 c3 41. f5 gxf5 42. h4 Rxf2+ 43. Bxf2 Bxf2 44. Ke2 Kc4 45. h5 c2 46. Kd2 Kb3 47. Kd3 c1Q 48. Ke2 Bc5 49. Kf3 Qf1+ 50. Kg3 Bd6+ 51. Kh4 Qh1# 0-1

[Event "SRB-chT quality"]
[Site "Belgrade"]
[Date "2010.10.28"]
[Round "8"]
[White "Mitic, Miroljub"]
[Black "Ristic, Slobodan B"]
[Result "1/2-1/2"]
[WhiteElo "2261"]
[BlackElo "2086"]
[PlyCount "26"]
[EventDate "2010.10.09"]
[EventType "team-tourn"]
[EventRounds "11"]
[EventCountry "YUG"]
[SourceTitle "EXT 2011"]
[Source "ChessBase"]
[SourceDate "2010.11.26"]
[SourceVersion "1"]
[SourceVersionDate "2010.11.26"]
[SourceQuality "1"]

1. d4 d5 2. c4 Nc6 3. Nf3 Bg4 4. e3 e5 5. dxe5 dxc4 6. Qxd8+ Rxd8 7. Bxc4 Bxf3 8. gxf3 Nxe5 9. Be2 Nd3+ 10. Bxd3 Rxd3 11. Ke2 Rd7 12. Bd2 Be7 13. Nc3 Nf6 1/2-1/2

[Event "SRB-chT quality"]
[Site "Belgrade"]
[Date "2010.10.09"]
[Round "1"]
[White "Ristic, Slobodan B"]
[Black "Vojvodic, Vladimir"]
[Result "1-0"]
[WhiteElo "2086"]
[BlackElo "2205"]
[PlyCount "55"]
[EventDate "2010.10.09"]
[EventType "team-tourn"]
[EventRounds "11"]
[EventCountry "YUG"]
[SourceTitle "EXT 2011"]
[Source "ChessBase"]
[SourceDate "2010.11.26"]
[SourceVersion "1"]
[SourceVersionDate "2010.11.26"]
[SourceQuality "1"]

1. e4 e5 2. Bc4 Nf6 3. d3 Nc6 4. Nc3 Na5 5. Bg5 Nxc4 6. dxc4 h6 7. Bh4 Bb4 8. Qd3 d6 9. Nge2 Be6 10. 0-0 g5 11. Bg3 h5 12. f3 Bc5+ 13. Bf2 Bxf2+ 14. Rxf2 h4 15. c5 a6 16. Qe3 Rg8 17. Rd1 g4 18. Kh1 Qe7 19. cxd6 cxd6 20. Rff1 g3 21. Qh6 0-0-0 22. Qxh4 Rg7 23. Nxg3 Rh7 24. Qg5 Rxh2+ 25. Kg1 Rdh8 26. Nce2 R2h6 27. Qe3 Nd7 28. b4 1-0

[Event "Belgrade op"]
[Site "Belgrade"]
[Date "2009.11.29"]
[Round "6"]
[White "Skoric, Branko"]
[Black "Ristic, Slobodan B"]
[Result "0-1"]
[WhiteElo "1928"]
[BlackElo "2077"]
[PlyCount "86"]
[EventDate "2009.11.24"]
[EventType "swiss"]
[EventRounds "9"]
[EventCountry "YUG"]
[SourceTitle "CBM 133 Extra"]
[Source "ChessBase"]
[SourceDate "2010.01.05"]
[SourceVersion "1"]
[SourceVersionDate "2010.01.05"]
[SourceQuality "1"]

1. e4 c5 2. c3 d6 3. d4 Nf6 4. Bd3 Nbd7 5. Ne2 g6 6. 0-0 Bg7 7. Kh1 0-0 8. f4 e5 9. fxe5 dxe5 10. d5 c4 11. Bc2 b5 12. Bg5 Qb6 13. h3 a5 14. Nd2 Ba6 15. Qe1 h6 16. Bh4 Qd6 17. Bg3 Nh5 18. Bh2 Qe7 19. g4 Nhf6 20. Nf3 Ne8 21. a3 Nd6 22. Qf2 Rfc8 23. Qe3 Nc5 24. Rad1 Rab8 25. Ng3 b4 26. axb4 axb4 27. Rg1 Nd3 28. Bxd3 cxd3 29. Nf5 gxf5 30. gxf5 f6 31. Qxh6 Nxe4 32. Qh4 Ng5 33. Nxg5 fxg5 34. Rxg5 Bc4 35. Bg1 bxc3 36. bxc3 Bxd5+ 37. Kh2 Rb2+ 38. Bf2 Rxf2+ 39. Qxf2 Qxg5 40. Rg1 Qf4+ 41. Qxf4 exf4 42. f6 Rxc3 43. fxg7 Rc2+ 0-1

[Event "Belgrade op"]
[Site "Belgrade"]
[Date "2009.11.27"]
[Round "4"]
[White "Dizdarevic, Barbara"]
[Black "Ristic, Slobodan B"]
[Result "1-0"]
[WhiteElo "1869"]
[BlackElo "2077"]
[PlyCount "99"]
[EventDate "2009.11.24"]
[EventType "swiss"]
[EventRounds "9"]
[EventCountry "YUG"]
[SourceTitle "CBM 133 Extra"]
[Source "ChessBase"]
[SourceDate "2010.01.05"]
[SourceVersion "1"]
[SourceVersionDate "2010.01.05"]
[SourceQuality "1"]

1. e4 c5 2. Nf3 Nc6 3. d4 cxd4 4. Nxd4 d6 5. Nc3 Nf6 6. Bg5 Qb6 7. Be3 Qc7 8. Qd2 a6 9. Nd5 Nxd5 10. exd5 Ne5 11. Qb4 g6 12. Qa4+ Bd7 13. Bb5 Qc8 14. Bxd7+ Nxd7 15. 0-0-0 b5 16. Qa5 Bg7 17. Nc6 Ne5 18. Qc3 b4 19. Nxb4 Qxc3 20. bxc3 0-0 21. Bd4 Bh6+ 22. Kb1 a5 23. Bxe5 Rfb8 24. Ka1 axb4 25. Bd4 Ra4 26. Rb1 Rba8 27. Rb2 Bd2 28. cxb4 Bxb4 29. Rhb1 f6 30. c3 Ba3 31. Rb8+ Kf7 32. Rxa8 Rxa8 33. Rb5 e5 34. Rb7+ Kg8 35. Be3 g5 36. Ra7 Rxa7 37. Bxa7 Kf7 38. Kb1 f5 39. Kc2 f4 40. Kb3 Bc1 41. a4 Ke7 42. a5 Kd7 43. Bb8 e4 44. a6 e3 45. fxe3 fxe3 46. a7 e2 47. a8Q e1Q 48. Qc6+ Ke7 49. Bxd6+ Kf7 50. Qd7+ 1-0

[Event "Belgrade op"]
[Site "Belgrade"]
[Date "2009.11.26"]
[Round "3"]
[White "Ristic, Slobodan B"]
[Black "Kahrovic, Mersid"]
[Result "0-1"]
[WhiteElo "2077"]
[BlackElo "2299"]
[PlyCount "89"]
[EventDate "2009.11.24"]
[EventType "swiss"]
[EventRounds "9"]
[EventCountry "YUG"]
[SourceTitle "CBM 133 Extra"]
[Source "ChessBase"]
[SourceDate "2010.01.05"]
[SourceVersion "1"]
[SourceVersionDate "2010.01.05"]
[SourceQuality "1"]

1. e4 c5 2. Nf3 d6 3. d4 Nf6 4. Nc3 cxd4 5. Nxd4 a6 6. h3 Qc7 7. g4 h6 8. Bg2 e6 9. 0-0 Bd7 10. a4 Nc6 11. Re1 Be7 12. Be3 Ne5 13. f4 Nc4 14. Bc1 g6 15. b3 Na5 16. Bb2 e5 17. Nd5 Nxd5 18. exd5 f6 19. Nf3 g5 20. fxe5 dxe5 21. Nxe5 0-0-0 22. Nf7 Bc5+ 23. Kh1 h5 24. gxh5 g4 25. d6 Qb6 26. hxg4 Rhg8 27. Bf3 Rdf8 28. Re7 Nc6 29. a5 Qa7 30. Nh6 Rg5 31. Rxd7 Kxd7 32. Ra4 Qb8 33. Nf5 Rxf5 34. gxf5 Qe8 35. Re4 Qf7 36. Re6 Qg8 37. b4 Qg3 38. bxc5 Rg8 39. Re7+ Kd8 40. Rg7 Qh4+ 41. Kg2 Rxg7+ 42. Kf1 Qh3+ 43. Ke2 Qh2+ 44. Ke3 Ne5 45. c6 0-1

[Event "Belgrade op"]
[Site "Belgrade"]
[Date "2009.11.24"]
[Round "1"]
[White "Ristic, Slobodan B"]
[Black "Shishkin, Vadim"]
[Result "0-1"]
[WhiteElo "2077"]
[BlackElo "2507"]
[PlyCount "34"]
[EventDate "2009.11.24"]
[EventType "swiss"]
[EventRounds "9"]
[EventCountry "YUG"]
[SourceTitle "CBM 133 Extra"]
[Source "ChessBase"]
[SourceDate "2010.01.05"]
[SourceVersion "1"]
[SourceVersionDate "2010.01.05"]
[SourceQuality "1"]

1. e4 c5 2. Nf3 Nc6 3. d4 cxd4 4. Nxd4 Nf6 5. Nc3 d6 6. Be2 e5 7. Nb3 Be7 8. Be3 0-0 9. 0-0 a5 10. a4 Be6 11. Bf3 Nb4 12. Bg5 Rc8 13. Rc1 h6 14. Bh4 Qb6 15. Nd2 Rfd8 16. Qe2 g5 17. Bg3 g4 0-1

[Event "Belgrade Spring op"]
[Site "Belgrade"]
[Date "2009.03.30"]
[Round "8"]
[White "Mihajlovic, Miodrag"]
[Black "Ristic, Slobodan B"]
[Result "1-0"]
[WhiteElo "2183"]
[BlackElo "2106"]
[PlyCount "69"]
[EventDate "2009.03.21"]
[EventType "swiss"]
[EventRounds "9"]
[EventCountry "YUG"]
[SourceTitle "CBM 129 Extra"]
[Source "ChessBase"]
[SourceDate "2009.05.05"]
[SourceVersion "2"]
[SourceVersionDate "2009.05.20"]
[SourceQuality "1"]

1. Nf3 Nf6 2. d4 d5 3. e3 e6 4. Bd3 c5 5. b3 Nc6 6. 0-0 Bd6 7. Bb2 Qc7 8. c4 0-0 9. Nc3 a6 10. dxc5 Bxc5 11. Na4 Be7 12. c5 Bd7 13. a3 e5 14. Be2 Rad8 15. Ne1 e4 16. Rc1 Ne5 17. Qd4 Nfg4 18. Bxg4 Bf6 19. Bxd7 Nf3+ 20. Nxf3 Bxd4 21. Nxd4 Qxd7 22. Rfd1 f5 23. g3 f4 24. exf4 Qg4 25. c6 Rxf4 26. cxb7 Rdf8 27. Rd2 R4f7 28. Nc5 Qh3 29. Re2 Re7 30. Nce6 Rxb7 31. Nxf8 Kxf8 32. Rec2 g5 33. Rc8+ Ke7 34. Rg8 Rd7 35. Rxg5 1-0